The correspondence of Henrik Ibsen /

Bibliographic Details
Main Author: Ibsen, Henrik, 1828-1906
Other Authors: Morison, Mary
Format: Book
Language:English
Norwegian
Published: New York : Haskell House, 1970.
Subjects:

MARC

Tag First Indicator Second Indicator Subfields
LEADER 00000cam a2200000 4500
001 in00000161921
005 20151008070658.0
008 710429r19701905nyuc 00110aeng
010 |a  75124394  
020 |a 0838310982 
035 |a (OCoLC)00134452 
035 |9 AAS3148AM 
040 |a DLC  |c DLC  |d TXA  |d UtOrBLW 
041 1 |a eng  |a nor 
049 |a TXAM  |c [1321580] 
050 0 0 |a PT8884.A3  |b M6 
082 0 |a 839.8/2/26  |a B 
100 1 |a Ibsen, Henrik,  |d 1828-1906. 
240 1 0 |a Correspondence. English 
245 1 4 |a The correspondence of Henrik Ibsen /  |c The translation edited by Mary Morison. 
264 1 |a New York :  |b Haskell House,  |c 1970. 
300 |a 463 pages :  |b portrait ;  |c 23 cm. 
336 |a text  |b txt  |2 rdacontent 
337 |a unmediated  |b n  |2 rdamedia 
338 |a volume  |b nc  |2 rdacarrier 
500 |a Reprint of the 1905 edition. 
600 1 0 |a Ibsen, Henrik,  |d 1828-1906. 
700 1 |a Morison, Mary. 
999 |a MARS 
999 f f |s 70bc3bad-9a83-3589-ac86-b654ee8f0ebe  |i 48a6cc1c-5ef5-3e76-a318-d573118bc5b7  |t 0 
952 f f |p normal  |a Texas A&M University  |b College Station  |c Sterling C. Evans Library  |d Evans: Library Stacks  |t 0  |e PT8884.A3 M6  |h Library of Congress classification  |i unmediated -- volume  |m A14804183768 
998 f f |a PT8884.A3 M6  |t 0  |l Evans: Library Stacks